00519nam a2200157 a 450000100100000000500170001000800410002704000250006808200200009310000310011324500780014426000670022230000210028965000240031065000270033400001014920240412074215.0091005s1978 dr 001 0 spa d aDO-SdBNPbspacBNPHU aRD861.42bC744a1 aConcepción, J. Agustín10aArpegios :bversos viejos y versos de viejo /cJ. Agustín Concepción. aLa Vega, República Dominicana :bCultural dominicana,c1978. a94 cm. ;c21 cm. 0aPoesía dominicana 0aLiteratura dominicana.